| 000 | 00503nam a2200157 i 4500 | ||
|---|---|---|---|
| 001 | 30725 | ||
| 003 | ES-MaACL | ||
| 007 | t| | ||
| 008 | 030127s1929 sp ||||1| spa d | ||
| 100 | 1 |
_aBayliss, William Maddock. _926681 |
|
| 245 | 1 | 0 |
_aManual de fisiología general con prácticas de laboratorio / _cpor W.M. Bayliss ; traducción de M. Bellido. |
| 260 |
_aBarcelona : _bPubul : _b[Galve], _c1929. |
||
| 300 |
_a422 p. : _bil. ; _c19 cm. |
||
| 700 | 1 |
_aBellido, M. _927214 |
|
| 852 |
_aES-MaACL _jE-292 |
||
| 999 |
_c30725 _d30725 |
||